| 000 | 00451cam a22001577i 4500 | ||
|---|---|---|---|
| 020 | _a9781853397660 (pbk.) | ||
| 020 | _a1853397660 (pbk.) | ||
| 020 | _a9781853397653 (hbk.) | ||
| 040 | _cYDXCP | ||
| 082 | 0 | 4 | _a664 INT 1992 C153 Or. |
| 100 | 1 | _aFellows, P. | |
| 245 | 1 | 0 |
_aComplete manual of small-scale food processing / _bPeter Fellows. |
| 300 |
_axv, 550 pages : _billustrations ; _c24 cm |
||
| 650 | 0 | _aFood industry and trade. | |
| 942 | _cAEDBB | ||
| 999 |
_c18872 _d18872 |
||